How to think 50 brain-tranning puzzles to change the way you think Objective Thinking / (Record no. 137256)

MARC details
000 -LEADER
fixed length control field 00650nam a22002057a 4500
005 - DATE AND TIME OF LATEST TRANSACTION
control field 20170127112233.0
010 ## - LCCN (DPL NO)
LC control number ENG-117187
020 ## - INTERNATIONAL STANDARD BOOK NUMBER
Terms of availability 80.00
International Standard Book Number 9788179664155
035 ## - SYSTEM CONTROL NUMBER
System control number EN-100719
037 ## - SOURCE OF ACQUISITION
Source of stock number/acquisition DBAD/PUB
082 ## - DEWEY DECIMAL CLASSIFICATION NUMBER
Classification number 793.73
100 ## - MAIN ENTRY--PERSONAL NAME
Personal name Phillips,Charles
245 ## - TITLE STATEMENT
Title How to think 50 brain-tranning puzzles to change the way you think Objective Thinking /
Statement of responsibility, etc by Charles Phillips
260 ## - PUBLICATION, DISTRIBUTION, ETC. (IMPRINT)
Place of publication, distribution, etc Chennai
Name of publisher, distributor, etc Emerald Publishers
Date of publication, distribution, etc 2016
270 ## - ADDRESS
Address 15A,First Floor, CasaMajor Road Egmore
City Chennai
Postal code 600008
300 ## - PHYSICAL DESCRIPTION
Extent 96p.
Dimensions 18cm(pbk)
700 ## - ADDED ENTRY--PERSONAL NAME
Personal name Shah,Nila
700 ## - ADDED ENTRY--PERSONAL NAME
Personal name Dave, Pratik
942 ## - ADDED ENTRY ELEMENTS (KOHA)
Source of classification or shelving scheme Dewey Decimal Classification
Item type English Books
Classification part 793.73
Call number suffix PHI
Holdings
Withdrawn status Lost status Not for loan Collection code Home library Current library Date acquired Source of acquisition Cost, normal purchase price Full call number Barcode Copy number Cost, replacement price Koha item type
      Non-fiction Patel Nagar Patel Nagar 25/01/2017 DBAD 80.00 793.73 PHI EN-100719 1 80.00 English Books

© Delhi Public Library
Hit Counter
free hit counter